00788nam a2200265 a 4500001001300000003000900013005001700022008004100039020001000080082001600090100002400106245004600130260003100176300000800207500003500215505001000250650002400260650004000284650003000324700002400354902000800378942000700386952011600393999001300509nice12345678IN_TiNIC20260116011351.0050524s1941 laha grp 000 0 eng  ac10000a891.49bQAD aQadir, Shaikh Abdul aUrdu Literature of the Nineteenth Century aLahorebM.N. Humayunc1941 a86p aincludes index and biblioraphy2 aIndex aPersian Poetry-Jami aUrdu-Literature-history-19th Centur aJami, Abdur Rahman-Poetry1 aQadir, Shaikh Abdul bSRS cBK 001040708StackRoom-aHMIbHMId2007-06-01g100.00l0o891.49 QADp00839r2007-06-01v100.00w2005-05-24yBK c909d909